Catàleg del Col·legi de Periodistes de Catalunya

Fake over / (Registre núm. 7655)

000 -CABECERA
Longitud fija campo de control 00946nam a2200325 i 4500
001 - NÚMERO DE CONTROL
Número de control 991060724938506706
003 - IDENTIFICADOR DEL NÚMERO DE CONTROL
Identificador del número de control OSt
005 - FECHA Y HORA DE LA ÚLTIMA TRANSACCIÓN
Fecha y hora de la última transacción 20230322111518.0
008 - CÓDIGOS DE INFORMACIÓN DE LONGITUD FIJA
Códigos de información de longitud fija 220802e202209 spca|||j |||| 0|1 0 spa|
015 ## - NÚMERO DE BIBLIOGRAFÍA NACIONAL
Número de bibliografía nacional LL2022
Fuente bnc
017 ## - NÚMERO DE COPYRIGHT O DE DEPÓSITO LEGAL
Número de copyright o de depósito legal DL B 357-2022
Agencia que asigna el número Biblioteca de Catalunya
020 ## - NÚMERO INTERNACIONAL NORMALIZADO PARA LIBROS
Número Internacional Normalizado para Libros (ISBN) 9788418304385
040 ## - FUENTE DE LA CATALOGACIÓN
Centro catalogador de origen ES-BaBC
Lengua de catalogación cat
Normas de descripción rda
Centro transcriptor CDMR
041 1# - CÓDIGO DE LENGUA
Código de lengua del texto/banda sonora o título independiente cat
Código de lengua original cat
080 ## - NÚMERO DE LA CLASIFICACIÓN DECIMAL UNIVERSAL
Número de la Clasificación Decimal Universal 070.16
080 ## - NÚMERO DE LA CLASIFICACIÓN DECIMAL UNIVERSAL
Número de la Clasificación Decimal Universal 659.3:37.014.22
100 1# - PUNTO DE ACCESO PRINCIPAL-NOMBRE DE PERSONA
Nombre de persona Carrillo, Nereida
9 (RLIN) 3578
240 10 - TÍTULO UNIFORME
Título uniforme <a href="Fake over.">Fake over.</a>
Lengua de la obra Català
245 10 - MENCI&Oacute;N DE T&Iacute;TULO
Título Fake over /
Mención de responsabilidad, etc. text de Nereida Carrillo ; il·lustracions d'Alberto Montt
264 #1 - PRODUCCI&Oacute;N, PUBLICACI&Oacute;N , DISTRIBUCI&Oacute;N, FABRICACI&Oacute;N Y COPYRIGHT
Lugar de producción, publicación, distribución, fabricación Barcelona :
Nombre del productor, editor, distribuidor, fabricante Flamboyant,
Fecha de de producción, publicación, distribución, fabricación o copyright 2022
300 ## - DESCRIPCI&Oacute;N F&Iacute;SICA
Extensión 116 pàgines :
Otras características físicas il·lustracions en color ;
Dimensiones 23 cm
546 ## - NOTA DE LENGUA
Nota de lengua Text en castellà
650 #7 - PUNTO DE ACCESO ADICIONAL DE MATERIA - T&Eacute;RMINO DE MATERIA
Término de materia o nombre geográfico como elemento inicial Fake news
Fuente del encabezamiento o término lemac
650 #7 - PUNTO DE ACCESO ADICIONAL DE MATERIA - T&Eacute;RMINO DE MATERIA
Término de materia o nombre geográfico como elemento inicial Alfabetització mediàtica
Fuente del encabezamiento o término lemac
650 #0 - PUNTO DE ACCESO ADICIONAL DE MATERIA - T&Eacute;RMINO DE MATERIA
Término de materia o nombre geográfico como elemento inicial Desinformació
9 (RLIN) 4286
700 1# - PUNTO DE ACCESO ADICIONAL - NOMBRE DE PERSONA
Nombre de persona Montt, Alberto,
908 ## - CONTROL DE PAR&Aacute;METROS (RLIN)
Parametro de comando lanzado BC
-- UB
940 ## -
T&íacute;tulo uniforme <a href="BC">BC</a>
942 ## - ENTRADA DE ELEMENTOS AGREGADOS (KOHA)
Fuente de clasificaión o esquema
Koha [por defecto] tipo de item Monografies
Fons
Suprimido Perdido Estropeado No para pr&eacute;stamo Localizaci&oacute;n permanente Localizaci&oacute;n actual Fecha adquisici&oacute;n Fuente de adquisici&oacute;n Coste, precio normal de compra Pr&eacute;stamos totales Signatura completa C&oacute;digo de barras Fecha &uacute;ltima consulta Fecha &uacute;ltimo pr&eacute;stamo Fecha del precio de reemplazo Tipo de item de Koha
        Centre de Documentació Montserrat Roig Centre de Documentació Montserrat Roig 2023-03-22 Donació 18.95 1 Ck 3/39 CDMR22070008 2023-04-18 2023-03-22 2023-03-22 Monografies

Implantat amb Koha